Business, (Record no. 5230)

MARC details
005 - DATE AND TIME OF LATEST TRANSACTION
control field 20250626075816.0
020 ## - INTERNATIONAL STANDARD BOOK NUMBER
International Standard Book Number 0-13-144486-7
082 ## - DEWEY DECIMAL CLASSIFICATION NUMBER
Classification number 658 GRI
100 ## - MAIN ENTRY--PERSONAL NAME
Author name GRIFFIN, R. W
245 ## - TITLE STATEMENT
Title Business,
250 ## - EDITION STATEMENT
Edition statement 1st Ed.
260 ## - PUBLICATION, DISTRIBUTION, ETC.
Place of publication, distribution, etc. Canada,
Name of publisher, distributor, etc. Prentice Hall,
Date of publication, distribution, etc. 1993.
300 ## - PHYSICAL DESCRIPTION
Extent xxiii.; 723p.; table.; picture,
Other physical details Glossary, References & Index,
Dimensions 29cm.
700 ## - ADDED ENTRY--PERSONAL NAME
Other authors/Editors EBERT, R. J & STARKE, F.A.
942 ## - ADDED ENTRY ELEMENTS (KOHA)
Source of classification or shelving scheme Dewey Decimal Classification
Koha item type Books
Holdings
Date last seen Total checkouts Full call number Barcode Cost, replacement price Price effective from Koha item type Lost status Source of classification or shelving scheme Damaged status Not for loan Withdrawn status Home library Current library Shelving location Date acquired Cost, normal purchase price
06/26/2025   658GRI DOM0002263 135000.00 06/26/2025 Books   Dewey Decimal Classification       CBE Dodoma CBE Dodoma General Collection 06/26/1995 45000.00
06/26/2025   658GRI DOM0002264 135000.00 06/26/2025 Books   Dewey Decimal Classification       CBE Dodoma CBE Dodoma General Collection 06/26/1995 45000.00